000 01021nam a22002297a 4500
999 _c19731
_d19731
005 20251125232917.0
008 s2540 th tha d
020 _a9742823014
040 _aNALT
041 _atha
100 0 _aไผทชิต เอกจริยกร
245 1 0 _aคำอธิบายกฎหมายประมวลกฎหมายแพ่งและพาณิชย์ เช่าทรัพย์-เช่าซื้อ/5th
260 3 _aกรุงเทพฯ :
_bวิญญูชน,
_c2540
300 _a331 หน้า ;
_b 26 ซม.
650 0 4 _aกฎหมายแพ่งและพาณิชย์ -- เช่าซื้อ
650 0 4 _aกฎหมายแพ่งและพาณิชย์ -- เช่าทรัพย์
850 _aNALT
856 4 0 _uhttps://hdl.handle.net/20.500.14156/461450
_71
942 _cLB
_2lcc
090 _aKS39 ผ951ค 2540
998 _j25
_k นีลวัสน์ อินทรักษา